000
00287nam a2200121 a 4500
008
100917s1974|||| d
245
1
0
_a
Katarína
100
1
_a
Dostojevskij, Fiodor Michajlovič
260
_b
Tatran
_a
Bratislava
_c
1974
044
_a
xo
_c
SK
041
_a
slo
020
_c
24
999
_c
10489
_d
10489